Moldova.

Bibliographic Details
Corporate Author: United States. Central Intelligence Agency
Format: Government Document Map
Language:English
Published: [Washington, D.C.?] : [Central Intelligence Agency], [1993]
Subjects:

MARC

Tag First Indicator Second Indicator Subfields
LEADER 00000cem a2200000 a 4500
001 in00001158310
005 20151001061313.0
007 aj canzn
008 930915s1993 dcub cc a f 0 eng d
010 |a gp 94061773  
034 1 |a a  |b 2750000  |d E0260000  |e E0310000  |f N0490000  |g N0450000 
035 |a (OCoLC)28826914 
035 |9 AGD2500AM 
040 |a GPO  |c GPO  |d DLC  |d UtOrBLW 
052 |a 7110 
074 |a 0856-A-01 
086 0 |a PREX 3.10/4:M 73/2 
110 1 |a United States.  |b Central Intelligence Agency. 
245 1 0 |a Moldova. 
255 |a Scale [ca. 1:2,750,000] ;  |b Lambert conformal conic proj., SP 40N/56N  |c (E 26--E 31/N 49--N 45). 
264 1 |a [Washington, D.C.?] :  |b [Central Intelligence Agency],  |c [1993] 
300 |a 1 map :  |b color ;  |c 21 x 17 cm. 
336 |a cartographic image  |b cri  |2 rdacontent 
337 |a unmediated  |b n  |2 rdamedia 
338 |a sheet  |b nb  |2 rdacarrier 
500 |a Relief shown by shading. 
500 |a Shipping list number: 93-0526-P. 
500 |a "Base 802164 (R01013) 7-93." 
500 |a Cartographic material. 
651 0 |a Moldova  |x Maps. 
999 |a MARS 
999 f f |s f51a7467-57d0-3ed2-9b90-774ca644b1cc  |i 054bfb8d-1a95-3848-97d5-9d26af32d3a7  |t 0 
952 f f |p normal  |a Texas A&M University  |b College Station  |c Sterling C. Evans Library  |d Evans: Maps (2nd floor)  |t 0  |e G7110.F1 1993 U5  |h Library of Congress classification  |i unmediated -- sheet  |m A14816728859 
998 f f |a G7110.F1 1993 U5  |t 0  |l Evans: Maps (2nd floor)